Statistiken für Handball WM Siegerliste

Klicken Sie hier um das Quiz zu spielen!

Allgemein

  • Dieses Quiz wurde 99 mal gespielt
  • Das Durchschnittsergebnis liegt bei 23 aus 28

Antwortstatistiken

HintAntwort% Korrekt
1938Deutschland
99%
2007Deutschland
99%
1978Deutschland
99%
2021Dänemark
98%
2023Dänemark
98%
2019Dänemark
98%
1995Frankreich
98%
2017Frankreich
98%
2009Frankreich
98%
2015Frankreich
98%
2001Frankreich
98%
2011Frankreich
98%
1954Schweden
98%
1958Schweden
98%
1990Schweden
98%
1999Schweden
98%
2005Spanien
96%
2013Spanien
96%
1993Russland
80%
1997Russland
80%
2003Kroatien
67%
1986Jugoslawien
57%
1982UDSSR
42%
1974Rumänien
41%
1970Rumänien
41%
1964Rumänien
41%
1961Rumänien
41%
1967CSSR
10%

Verteilung der Resultate

Perzentil nach korrekt beantworteten Fragen

Anzahl Personen mit jedem Resultat

Ihre Resultats-Entwicklung

Sie haben dieses Quiz noch nicht gespielt